000 00342nam a2200133Ia 4500
008 160319s9999 xx 000 0 und d
020 _a8179040887
050 _a30
050 _bN599t
245 4 _aThe book of 101 impressive answers /
260 _bApple Publishing International Ltd.
260 _c2004
300 _bcolor illustrations :
999 _c291964
_d291964